000 00497nam a22001575i 4500
001 170301
003 ES-MaACL
005 20230906214340.0
008 090223q1883 fr 000 d fre d
080 _a821.133.1-2"18"
100 1 _aTheuriet, André.
_9109911
245 1 0 _aJean-Marie :
_bdrame en un acte, en vers /
_cAndre Theuriet.
260 _aParis :
_bAlphonse Lemerre,
_c[ca. 1883]
300 _a35 p. ;
_c19 cm.
852 4 _aES-MaACL
_j2248-F-25
_z- Biblioteca Jacinto Martínez Lacalle
999 _c170301
_d170301